Statistics for SpiceJet Destinations-Delhi

Click here to take the quiz!

General Stats

  • This quiz has been taken 3 times
  • The average score is 26 of 35

Answer Stats

Country Airport % Correct
AfghanistanKabul
100%
India-KarnatakaBangalore
100%
ThailandBangkok
100%
India-West BengalKolkata
100%
India-TelanganaHyderabad
100%
India-Tamil NaduMadurai
100%
India-Tamil NaduChennai
100%
India-MaharashtraPune
100%
Hong KongHong Kong
100%
India-KeralaCochin
100%
India-MaharashtraMumbai
100%
UAEDubai-World Central
100%
India-GujaratSurat
100%
India-GujaratAhmedabad
100%
India-GoaGoa
100%
India-Madhya PradeshBhopal
67%
India-Tamil NaduCoimbatore
67%
India-Andaman and NicobarPort Blair
67%
India-West BengalSiliguri
67%
India-AssamGuwahati
67%
India-Uttar PradeshVaranasi
67%
India-UttarakhandDehradun
67%
India-Madhya PradeshJabalpur
67%
India-BiharPatna
67%
India-Jammu and KashmirSrinagar
67%
India-MaharashtraShirdi
67%
India-Jammu and KashmirJammu
67%
India-Jammu and KashmirLeh
67%
India-RajasthanKishangarh
33%
India-AssamSilchar
33%
India-Uttar PradeshGorakhpur
33%
India-Uttar PradeshKanpur
33%
India-OdishaJharsuguda
33%
India-Himachal PradeshDharamsala
33%
India-PunjabAdampur
0%

Score Distribution

Percentile by Number Answered

Percent of People with Each Score

Your Score History

You have not taken this quiz